000 00277nam a22001337a 4500
008 170814b xxu||||| |||| 00| 0 eng d
020 _a9781565770331
041 _aeng
080 _22ND
_a51
100 _a36
101 _aMAT
245 _aMATH 54
_cHAKE,S
942 _2udc
_cBK
999 _c23334
_d23334